000 00391 a2200145 4500
003 OSt
005 20240202104335.0
008 240202b |||||||| |||| 00| 0 eng d
040 _coclc
082 _a297
_bISL/M
245 _aMARANANANTHARAM ORU JEEVITHAMO /
260 _bISLAM PRESENTATION COMMITTEE
300 _a11P.
942 _2ddc
_cBK
_h297
_iISL/M
_k297
_mISL/M
999 _c43408
_d43408